000 00401nam a2200169Ia 4500
005 20240617052658.0
008 240331s9999 xx 000 0 und d
082 _bGAN
_a891
100 _aGanesalingan,S
245 0 _aIlamaiyin geetham
_cs. ganeshalingan
260 _aChennai
_bKumaran publishers
_c1987
300 _a128 p .,
650 _alove
650 _acaste
650 _arules
942 _cL
999 _c4704
_d4704